00785nas a2200229Ia 4500001001100000003000900011008004100020040001300061040001300074041001300087100004900100210002000149222002000169245007500189250001100264260002900275501008600304300001700390362003300407500007900440650003600519R012/42606IT-RoPAU151124c99999999xx |||||||||||| ||und|| aIT-RoPAU cIT-RoPAU aITALIANO aPellizzari LorenzogCodice Aut. SPICS: 2749 aCINEMA & CINEMA aCinema & Cinema aCINEMA & CINEMA, ANNO 13-N.45 (GIUGNO 1986)bFedora, Federico E Ginger a1a ed. aMILANObINTRAPRESAc1986 bPaulus - SPICS - Società San Paolo EM (non-commercial uses only)cCopyright2015 a2 p. [33-34] aANNO 013, N.45 (GIUGNO 1986) aFedora di Billy Wilder. Fantasma del Bello nel Cinema di Federico Fellini. aCINEMAvPUBBLICAZIONE PERIODICA